| 000 | 00585nam a22002057a 4500 | ||
|---|---|---|---|
| 999 |
_c152956 _d152956 |
||
| 005 | 20181218124639.0 | ||
| 010 | _aB-167554 | ||
| 020 |
_c275.00 _a8120328086 |
||
| 035 | _aB-167554, B-167548 | ||
| 037 | _bBPPD/PUB | ||
| 082 |
_a658.421 _bCOU |
||
| 100 | _aCoulter, Mary | ||
| 245 |
_aEntrepreneurship in action _cby Mary Coulter |
||
| 260 |
_aNew Delhi _bPrintice-Hall of India _c2006 |
||
| 270 |
_aM-97, Cannaught Circus _bNew Delhi _e110001 |
||
| 300 |
_axx,384p. _c24cm(pbk) |
||
| 500 | _aIncludes index | ||
| 942 |
_2ddc _cEN _h658.421 _mCOU |
||